000 00766cam a2200217 a 4500
020 _a0534374824
040 _cDLC
082 0 0 _a005 COM 2001 C275 Or.
100 1 _aForouzan, Behrouz A.
245 1 0 _aComputer science :
_ba structured programming approach using C /
250 _a2nd ed.
260 _aPacific Grove, CA :
_bBrooks/Cole,
_cc2001.
300 _axxviii, 900 p. :
_bill. ;
_c26 cm.
650 0 _aC (Computer program language)
650 0 _aStructured programming.
700 1 _aGilberg, Richard F.
856 4 2 _uhttp://www.loc.gov/catdir/enhancements/fy1514/99087765-b.html
856 4 2 _uhttp://www.loc.gov/catdir/enhancements/fy1514/99087765-d.html
856 4 1 _uhttp://www.loc.gov/catdir/enhancements/fy1514/99087765-t.html
942 _cAEDBB
999 _c21246
_d21246